| 000 | 00378nam a2200133Ia 4500 | ||
|---|---|---|---|
| 008 | 220217s9999||||xx |||||||||||||| ||und|| | ||
| 020 | _a81-265-0281-9 | ||
| 082 | _a005.133 PAN | ||
| 100 |
_aPandey, Nitin Singhal, Yesh. etal _92646 |
||
| 245 | 0 | _aVisual studio .net programming | |
| 260 |
_aDreamtech _bNew Delhi _c2002 |
||
| 300 | _b329 | ||
| 650 | _aPROGRAMMING LANGUAGE | ||
| 999 |
_c169527 _d169527 |
||